ՀՀ Գիտությունների ազգային ակադեմիայի հիմնարար գիտական գրադարան  =   Fundamental Scientific Library of NAS RA

Պատմվածքներ / (Record no. 98951)

MARC details
000 -LEADER
fixed length control field 00975nam a2200241 u 4500
001 - CONTROL NUMBER
control field 000272730
003 - CONTROL NUMBER IDENTIFIER
control field AM-YeHGA
005 - DATE AND TIME OF LATEST TRANSACTION
control field 20250618071809.0
008 - FIXED-LENGTH DATA ELEMENTS--GENERAL INFORMATION
fixed length control field 031016s1961 ai r 000 0 arm d
040 ## - CATALOGING SOURCE
Original cataloging agency AM-YeHGA
041 0# - LANGUAGE CODE
Language code of text/sound track or separate title arm
090 ## - LOCALLY ASSIGNED LC-TYPE CALL NUMBER (OCLC); LOCAL CALL NUMBER (RLIN)
-- 100262
100 1# - MAIN ENTRY--PERSONAL NAME
Personal name Գրիգորյան, Վահան Արմենակի,
Dates associated with a name 1905-1989
9 (RLIN) 1650
245 10 - TITLE STATEMENT
Title Պատմվածքներ /
Statement of responsibility, etc. Վ.Ա. Գրիգորյան; Խմբ.՝ Հ.Հ. Դանիելյան, Մ. Բաղդասարյան; Նկ.՝ Ս. Գրիգորյան.
260 ## - PUBLICATION, DISTRIBUTION, ETC.
Place of publication, distribution, etc. Երևան :
Name of publisher, distributor, etc. Հայպետհրատ,
Date of publication, distribution, etc. 1961.
300 ## - PHYSICAL DESCRIPTION
Extent 206 էջ :
Other physical details նկ. ;
Dimensions 20 սմ.
650 14 - SUBJECT ADDED ENTRY--TOPICAL TERM
Topical term or geographic name entry element Հայ գրականություն
General subdivision Պատմվածք
653 0# - INDEX TERM--UNCONTROLLED
Uncontrolled term Հայրենական մեծ պատերազմ
653 0# - INDEX TERM--UNCONTROLLED
Uncontrolled term Սովետական աշխատանքային առօրյա
700 1# - ADDED ENTRY--PERSONAL NAME
Personal name Դանիելյան, Հ.Հ.
Relator term խմբ.
Relationship edt
700 1# - ADDED ENTRY--PERSONAL NAME
Personal name Բաղդասարյան, Մ.
Relator term խմբ.
Relationship edt
9 (RLIN) 465
700 1# - ADDED ENTRY--PERSONAL NAME
Personal name Գրիգորյան, Ս.
Relator term նկ.
Relationship art
Holdings
Withdrawn status Lost status Damaged status Not for loan Collection Home library Current library Date acquired Total checkouts Full call number Barcode Date last seen Cost, replacement price Price effective from Koha item type Public note
        General Fundamental Scientific Library Fundamental Scientific Library 22/12/2016   AII/9780 FL0016464 22/12/2016 36.00 22/12/2016 Գրքեր / Books 30 Days Loan
        General Fundamental Scientific Library Fundamental Scientific Library 22/12/2016   AII/9781 FL0016465 22/12/2016 36.00 22/12/2016 Գրքեր / Books 30 Days Loan
        General Fundamental Scientific Library Fundamental Scientific Library 22/12/2016   AII/9799 FL0016463 22/12/2016 36.00 22/12/2016 Գրքեր / Books 30 Days Loan


ՀՀ ԳԱԱ հիմնարար գիտական գրադարան
ՀՀ,Երևան 0019
Մարշալ Բաղրամյան 24/6
հեռախոս:(374-10) 52-47-50
Հետադարձ կապ

All site content, except where otherwise noted, is licensed under a
Creative Commons License